Statistics for Rivers by letter - M

Click here to take the quiz!

General Stats

  • This quiz has been taken 69 times
  • The average score is 6 of 14

Answer Stats

HintAnswer% Correct
2nd longest in the USMississippi River
98%
Longest river in the USMissouri River
98%
Huge river flowing from China through IndochinaMekong River
94%
Longest river in AustraliaMurray River
79%
River of LiverpoolMersey River
63%
Largest and longest river system in CanadaMackenzie River
48%
Largest tributary of the Hudson River, shares its name with a hairstyleMohawk River
46%
River flowing through Belgium and Netherlands, namesake of the MosasaurMeuse River
44%
One of the largest tributaries of the Amazon, shares it name with a cakeMadeira River
23%
Larger Bolivian river that joins with the Beni to form the above riverMamore River
4%
Ominously named river of DelawareMurderkill River
4%
Peruvian river, considered the main source of the AmazonMarañón River
2%
Australian river named after a "member of a very prominent mining family"Mossman River
0%
Short river in southern NorwayMuru River
0%

Score Distribution

Percentile by Number Answered

Percent of People with Each Score

Your Score History

You have not taken this quiz